| 000 | 00390nam a2200133Ia 4500 | ||
|---|---|---|---|
| 008 | 231129s2001||||xx |||||||||||||| ||spa|| | ||
| 020 | _a978-958-30-0808-5 | ||
| 082 | _a(i)863.6 O771a | ||
| 100 | _aOrtega Ricaurte Carmen. 1926- | ||
| 245 | 0 | _aLas aventuras del angelito mofletudo | |
| 260 | _c2001 | ||
| 264 | _aBogotá: Panamericana | ||
| 942 |
_2ddc _cBKS |
||
| 999 |
_c18602 _d18602 |
||